| 000 | 00992nam a22003137a 4500 | ||
|---|---|---|---|
| 001 | 0004913 | ||
| 003 | KOHA_MİRAKIL | ||
| 005 | 20260207001429.0 | ||
| 007 | ta | ||
| 008 | 090506b1993 enk |||gr||||#||||0|eng | | ||
| 020 | _a0415083877 | ||
| 040 |
_aTR-BiSEU _btur _cTR-BiSEU _erda |
||
| 041 | 0 | _aeng | |
| 044 | _cenk | ||
| 050 |
_aLB1027 _b.W65 1993 |
||
| 100 | 1 |
_aWragg, E. C. _q(Edward Conrad). |
|
| 245 | 1 |
_aExplaining/ _cE. C. (Edward Conrad) Wragg ; E.C. Wragg and George Brown. |
|
| 264 | 1 |
_aLondon ; New York : _bRoutledge _c1993 |
|
| 300 | _avi, 51, [1] sayfa: resimli; 30 cm. | ||
| 336 |
_ametin _btxt _2rdacontent |
||
| 337 |
_aaracısız _bn _2rdamedia |
||
| 338 |
_acilt _bnc _2rdacarrier |
||
| 490 | 0 | _aLeverhulme Primary Project Classroom skills series | |
| 500 | _aIncludes bibliographical references. | ||
| 650 | 0 |
_aTeaching. _92601 |
|
| 650 | 0 |
_aExplanation. _912031 |
|
| 830 | 0 |
_aLeverhulme Primary Project Classroom skills series _912032 |
|
| 942 |
_2lcc _cBK |
||
| 999 |
_c4895 _d4895 |
||